000 01525nam a2200433 i 4500
001 33145
003 KOSZ 005
005 20221129125930.0
008 980521s1998 pl f |000 0 pol
015 _aPB 1998/5775
020 _a8371930178
040 _aWA N
_cWA N
_eKOSZ 005/HR
046 _k1998
080 _a005
080 _a159.94
080 _a316.6
080 _a(075.8+076)
100 1 _aRobak, Elżbieta
_eAutor
245 1 0 _aPsychologia i socjologia kierowania :
_binformator i przewodnik do ćwiczeń : kierunek studiów zarządzanie /
_cElżbieta Robak, Małgorzata Sierpińska ; Politechnika Częstochowska.
260 _aCzęstochowa :
_bWydawnictwo PC,
_c1998.
300 _a30 s. ;
_c24 cm.
336 _2rdacontent
_aTekst
_btxt
337 _2rdamedia
_aBez urządzenia pośredniczącego
_bn
338 _2rdacarrier
_aWolumin
_bnc
380 _aKsiążki
388 _a1901-2000
388 _a1989-2000
504 _aBibliogr. przy ćw.
650 4 _aPsychologia zarządzania
650 4 _aSocjologia ekonomiczna
650 4 _aZarządzanie
655 4 _aĆwiczenia i zadania
658 _aZarządzanie i marketing
700 1 _aSierpińska, Małgorzata
_eAutor
710 2 _aPolitechnika Częstochowska
710 2 _aWydawnictwo Politechniki Częstochowskiej
_4pbl
856 _uhttp://koha.tu.koszalin.pl/cgi-bin/koha/opac-detail.pl?biblionumber=33145
_yKatalog online BPK
942 _2UKD
_cKS
999 _c33145
_d33145